Ne Vous Faites Pas Mordre - Statistiques

Statistiques générales
  • Ce quiz a été pris 351 fois
  • Le résultat moyen est 8 sur 27
Answers on the Grid
Answers color-coded by a green-red scale on the quiz's grid according to % correct below.
 
Statistiques - réponses
Réponse % Correct
37%
33%
32%
32%
32%
31%
31%
31%
31%
30%
30%
30%
30%
29%
29%
29%
28%
28%
28%
27%
26%
26%
25%
25%
23%
23%
23%
Aucun quiz correspondant
Distribution des résultats
% des personnes avec chaque résultat
Percentile par nombre de réponses
Votre historique - résultats
Vous n’avez pas pris ce quiz